Rối loạn lo âu
Trình bày khái niệm, chẩn đoán, điều trị và tư vấn cho cho các bệnh nhân do rối loạn lo âu, rối loạn hoảng sợ, ám ảnh sợ biệt định và khoảng trống ám ảnh sợ xã hội, rối loạn ám ảnh, rối loạn stress, rối loạn stress cấp......
Shranjeno v:
| Glavni avtor: | |
|---|---|
| Format: | Knjiga |
| Jezik: | Vietnamese |
| Izdano: |
H.
Y học
2017
|
| Teme: | |
| Oznake: |
Označite
Brez oznak, prvi označite!
|
| Thư viện lưu trữ: | Thư viện Trường Đại học Nam Cần Thơ |
|---|
| LEADER | 01334nam a22002177a 4500 | ||
|---|---|---|---|
| 001 | NCT_33586 | ||
| 008 | 180427b xxu||||| |||| 00| 0 vie d | ||
| 999 | |c 1619 |d 1619 | ||
| 020 | |a 9786046626071 |c 65000 | ||
| 082 | 0 | 4 | |2 23rd ed. |a 172 |b H523 |
| 100 | 1 | |a Bùi Quang Huy |e Chủ biên | |
| 245 | 1 | 0 | |a Rối loạn lo âu |c Bùi Quang Huy |
| 260 | |a H. |b Y học |c 2017 | ||
| 300 | |a 215 tr. |c 21cm | ||
| 520 | 3 | |a Trình bày khái niệm, chẩn đoán, điều trị và tư vấn cho cho các bệnh nhân do rối loạn lo âu, rối loạn hoảng sợ, ám ảnh sợ biệt định và khoảng trống ám ảnh sợ xã hội, rối loạn ám ảnh, rối loạn stress, rối loạn stress cấp... | |
| 653 | |a Y đa khoa | ||
| 942 | |2 ddc |c BK | ||
| 952 | |0 0 |1 0 |2 ddc |4 0 |6 172_000000000000000_H523 |7 0 |9 7734 |a 000001 |b 000001 |d 2018-04-27 |o 172 H523 |p MD.11419 |r 2018-04-27 |v 65000.00 |w 2018-04-27 |y BK | ||
| 952 | |0 0 |1 0 |2 ddc |4 0 |6 172_000000000000000_H523 |7 0 |9 7735 |a 000001 |b 000001 |d 2018-04-27 |l 4 |o 172 H523 |p MD.10889 |r 2020-11-26 |s 2020-11-17 |v 65000.00 |w 2018-04-27 |y BK | ||
| 952 | |0 0 |1 0 |2 ddc |4 0 |6 172_000000000000000_H523 |7 0 |9 7736 |a 000001 |b 000001 |d 2018-04-27 |l 2 |o 172 H523 |p MD.10890 |r 2021-01-22 |s 2021-01-14 |v 65000.00 |w 2018-04-27 |y BK | ||
| 980 | |a Thư viện Trường Đại học Nam Cần Thơ | ||